El Evangelio según San Mateo / (Record no. 176422)

MARC details
000 -LEADER
campo de control de longitud fija 00837nam a22002295i 4500
001 - NÚMERO DE CONTROL
campo de control 176422
003 - IDENTIFICADOR DE NÚMERO DE CONTROL
campo de control ES-MaACL
005 - FECHA Y HORA DE LA ÚLTIMA TRANSACCIÓN
campo de control 20230906220058.0
008 - DATOS DE LONGITUD FIJA--INFORMACIÓN GENERAL
campo de control de longitud fija 110113s1967 sp b |||| | spa d
080 ## - NÚMERO DE LA CLASIFICACIÓN DECIMAL UNIVERSAL
Número de la Clasificación Decimal Universal 27-247.4
100 0# - ENTRADA PRINCIPAL--NOMBRE DE PERSONA
Nombre de persona Schmid, Josef.
9 (RLIN) 144755
245 13 - MENCIÓN DEL TÍTULO
Título El Evangelio según San Mateo /
Mención de responsabilidad, etc. Josef Schmid ; [versión castellana de Mercedes González-Haba].
260 ## - PUBLICACIÓN, DISTRIBUCIÓN, ETC.
Lugar de publicación, distribución, etc. Barcelona :
Nombre del editor, distribuidor, etc. Herder,
Fecha de publicación, distribución, etc. 1967.
300 ## - DESCRIPCIÓN FÍSICA
Extensión 571, [2] p. de mapas ;
Dimensiones 22 cm.
490 1# - MENCIÓN DE SERIE
Mención de serie Biblioteca Herder. Sección de Sagrada Escritura ;
Designación de volumen o secuencia 92
500 ## - NOTA GENERAL
Nota general Índice.
630 04 - PUNTO DE ACCESO ADICIONAL DE MATERIA--TÍTULO UNIFORME
Título uniforme Biblia.
Nombre de parte o sección de la obra N.T.
-- Evangelio según Mateo-
Subdivisión de forma Comentarios.
9 (RLIN) 144757
700 1# - ENTRADA AGREGADA--NOMBRE PERSONAL
Nombre de persona González-Haba, Mercedes.
9 (RLIN) 144756
830 0# - PUNTO DE ACCESO ADICIONAL DE SERIE-TÍTULO UNIFORME
Título uniforme Biblioteca Herder. Sección de Sagrada Escritura ;
Designación de volumen o secuencia 92
9 (RLIN) 186862
852 ## - LOCALIZACIÓN
Ubicación ES-MaACL
Número de control de estantería E-14052
Encuadernación Olim P-1228
Holdings
Estatus retirado Estado de pérdida Estado de daño No para préstamo Biblioteca de origen Biblioteca actual Ubicación en estantería Fecha de adquisición Fuente de adquisición Total de préstamos Signatura topográfica completa Código de barras Visto por última vez Precio de reemplazo Tipo de ítem Koha
        Biblioteca del Ateneo de Madrid Biblioteca del Ateneo de Madrid Depósito 2 13/01/2011     E-14052 1185281 23/02/2023 23/02/2023 Libro impreso